Metacognition in mathematics education

Αποθηκεύτηκε σε:
Λεπτομέρειες βιβλιογραφικής εγγραφής
Άλλοι συγγραφείς: Desoete, Annemie (Επιμελητής έκδοσης), Veenman, Marcel (Επιμελητής έκδοσης)
Μορφή: Βιβλίο
Γλώσσα:English
Δημοσίευση: New York : Nova Science Publishers, [2006]
Θέματα:
Ετικέτες: Προσθήκη ετικέτας
Δεν υπάρχουν, Καταχωρήστε ετικέτα πρώτοι!

MARC

LEADER 00000cam a2200000 i 4500
001 1/84954
008 080514s2006 eng d
020 |a 1-60021-198-4 (hbk.) 
035 |l 10097307 
040 |a GR-MY-UA  |b gre  |e aacr 
041 0 |a eng 
082 0 |a 510.71  |2 (22) 
245 1 0 |a Metacognition in mathematics education /  |c Annemie Desoete and Marcel Veenman, editors 
260 |a New York :   |b Nova Science Publishers,   |c [2006] 
300 |a vi, 199 σ.;  |c 26 εκ. 
504 |a Περιλαμβάνει βιβλιογραφίες και ευρετήριο 
650 0 0 |a Mathematics  |x Study and teaching. 
650 0 0 |a Metacognition. 
650 0 0 |a Learning disabled  |x Education. 
700 1 |a Desoete, Annemie.  |4 edt 
700 1 |a Veenman, Marcel.  |4 edt 
852 |a INST  |b RHODES  |e 20080514  |h 510.71 MET  |p 005400029201  |q 005400029201  |t BK  |y 0 
852 |a INST  |b RHODES  |e 20100111  |h 510.71 MET  |p 005400032290  |q 005400032290  |t BK  |y 0 
901 |a BIBL4-2008-2 
909 |a Ρ  |b 152500 
909 |a Ρ  |b 159520 
922 |a 4ΕΛΗ  |b 200803  |c ΕΠΕΑΕΚ2/ΤΕΠΑΕΣ  |d ΕΛΕΥΘΕΡΟΥΔΑΚΗΣ 
970 |a ΧΑΡΙΟΠΟΛΙΤΟΥ  |b ΚΩΝΣΤΑΝΤΙΝΑ  |z 2008/05/14